Complete guide to prescription & non-prescription drugs. (Record no. 472)

MARC details
000 -LEADER
fixed length control field 01068cas a2200325 a 4500
005 - DATE AND TIME OF LATEST TRANSACTION
control field 20260322212021.0
008 - FIXED-LENGTH DATA ELEMENTS--GENERAL INFORMATION
fixed length control field data
010 ## - LIBRARY OF CONGRESS CONTROL NUMBER
LC control number 95645015
Canceled/invalid LC control number sn 93036044
020 ## - INTERNATIONAL STANDARD BOOK NUMBER
International Standard Book Number 9780399175732
022 0# - INTERNATIONAL STANDARD SERIAL NUMBER
International Standard Serial Number 1082-2585
ISSN-L [OBSOLETE] 1082-2585
Source 1
037 ## - SOURCE OF ACQUISITION
Source of stock number/acquisition The Berkley Pub. Group, 200 Madison Ave., New York, NY 10016
040 ## - CATALOGING SOURCE
Original cataloging agency CXP
Transcribing agency CXP
Modifying agency SBH
-- OCL
-- DLC
-- NSD
-- DLC
-- NSD
-- WAU
-- NSD
-- EYM
-- SBH
041 09 - LANGUAGE CODE
Language code of text/sound track or separate title eng
042 ## - AUTHENTICATION CODE
Authentication code nsdp
-- nsdp
044 ## - COUNTRY OF PUBLISHING/PRODUCING ENTITY CODE
-- United States
050 00 - LIBRARY OF CONGRESS CALL NUMBER
Classification number RM301.15
Item number .C65
082 10 - DEWEY DECIMAL CLASSIFICATION NUMBER
Classification number 615
Edition information 12
096 ## - LOCALLY ASSIGNED NLM-TYPE CALL NUMBER (OCLC)
Classification number QV 15 G754 2015
001 - CONTROL NUMBER
control field data
210 0# - ABBREVIATED TITLE
Abbreviated title Complete guide prescr. non-prescr. drugs
222 #0 - KEY TITLE
Key title Complete guide to prescription & non-prescription drugs. 2016-2017
245 10 - TITLE STATEMENT
Title Complete guide to prescription & non-prescription drugs.
246 10 - VARYING FORM OF TITLE
Title proper/short title Complete guide to prescription and non-prescription drugs
260 ## - PUBLICATION, DISTRIBUTION, ETC.
Place of publication, distribution, etc. New York, NY :
Name of publisher, distributor, etc. Perigee,
Date of publication, distribution, etc. 2016-2017
300 ## - PHYSICAL DESCRIPTION
Extent v. :
Other physical details ill. ;
Dimensions 23 cm.
336 ## - CONTENT TYPE
Content type term text
Content type code txt
Source rdacontent
337 ## - MEDIA TYPE
Media type term unmediated
Media type code n
Source rdamedia
338 ## - CARRIER TYPE
Carrier type term volume
Carrier type code nc
Source rdacarrier
500 ## - GENERAL NOTE
General note Imprint varies.
Holdings
Withdrawn status Lost status Damaged status Not for loan Home library Current library Shelving location Date acquired Total checkouts Full call number Barcode Date last seen Price effective from Koha item type
        Riverside Riverside General stacks 22/03/2026   615 12 BC0010483 22/03/2026 22/03/2026 Books